Historia de la pintura española (Record no. 24942)

MARC details
000 -LEADER
campo de control de longitud fija 00719nam a2200193 i 4500
001 - NÚMERO DE CONTROL
campo de control 24942
003 - IDENTIFICADOR DE NÚMERO DE CONTROL
campo de control ES-MaACL
005 - FECHA Y HORA DE LA ÚLTIMA TRANSACCIÓN
campo de control 20250727154944.0
007 - CAMPO FIJO DE DESCRIPCIÓN FÍSICA--INFORMACIÓN GENERAL
campo de control de longitud fija t|
008 - DATOS DE LONGITUD FIJA--INFORMACIÓN GENERAL
campo de control de longitud fija 021219s1972 sp ||||1| spa d
100 1# - ENTRADA PRINCIPAL--NOMBRE DE PERSONA
Nombre de persona Angulo Iñiguez, Diego.
9 (RLIN) 21788
245 10 - MENCIÓN DEL TÍTULO
Título Historia de la pintura española
Resto del título : Escuela toledana de la primera mitad el siglo XVII /
Mención de responsabilidad, etc. por Diego Angulo Iñiguez, Alfonso E. Pérez Sánchez.
260 ## - PUBLICACIÓN, DISTRIBUCIÓN, ETC.
Lugar de publicación, distribución, etc. Madrid :
Nombre del editor, distribuidor, etc. Instituto Diego Velázquez,
Fecha de publicación, distribución, etc. 1972 (
Fabricante Sucs. Rivadeneyra)
300 ## - DESCRIPCIÓN FÍSICA
Extensión 395 p., 308 lám. ;
Dimensiones 24 cm.
700 1# - ENTRADA AGREGADA--NOMBRE PERSONAL
Nombre de persona Pérez Sánchez, Alfonso E.,
Fechas asociadas al nombre 1935-2010
9 (RLIN) 240883
710 2# - ENTRADA AGREGADA--NOMBRE DE ENTIDAD CORPORATIVA
Nombre de entidad corporativa o nombre de jurisdicción como elemento de entrada Instituto Diego Velázquez.
9 (RLIN) 5021
852 ## - LOCALIZACIÓN
Ubicación ES-MaACL
Número de control de estantería C-51975
Sublocalización o colección R.85635
Holdings
Estatus retirado Estado de pérdida Estado de daño No para préstamo Biblioteca de origen Biblioteca actual Ubicación en estantería Fecha de adquisición Fuente de adquisición Total de préstamos Signatura topográfica completa Código de barras Visto por última vez Precio de reemplazo Tipo de ítem Koha
        Biblioteca del Ateneo de Madrid Biblioteca del Ateneo de Madrid Depósito 2 17/01/2008     C-51975 1025715 23/02/2023 23/02/2023 Libro impreso